| 000 | 00553nam a2200157 4500 | ||
|---|---|---|---|
| 999 |
_c16852 _d16852 |
||
| 008 | 220411b ||||| |||| 00| 0 eng d | ||
| 022 | _a0117-3308 | ||
| 082 | _aDPer 004.1105 C73 Sept 2010 - April 2011 v. 20 n. 3-9 | ||
| 100 |
_aTuazon, John Mark V. _945004 |
||
| 245 |
_aAlcatel-Lucent sets RP's IPTV adoption in motion/ _cTuazon, John Mark V. |
||
| 260 |
_aPhilippines: _bSchneider Electric, _c©2010-2011. |
||
| 300 |
_av20 n4, page 5: _billustrations: _c27 cm. |
||
| 500 | _aComputer world. | ||
| 650 |
_aMotion pictures. _927173 |
||
| 942 |
_2ddc _cPER |
||